Electronic principles and applications (Record no. 11858)

000 -LEADER
fixed length control field 00375nam a22001457a 4500
020 ## - INTERNATIONAL STANDARD BOOK NUMBER
International Standard Book Number 9788173814990
082 ## - DEWEY DECIMAL CLASSIFICATION NUMBER
Classification number 621.381 BHA
100 ## - MAIN ENTRY--PERSONAL NAME
Personal name Bhattacharya, A.B.
245 ## - TITLE STATEMENT
Title Electronic principles and applications
260 ## - PUBLICATION, DISTRIBUTION, ETC.
Place of publication, distribution, etc. New Delhi
Name of publisher, distributor, etc. New Central Book agency
Date of publication, distribution, etc. 2011
300 ## - PHYSICAL DESCRIPTION
Extent xxix, 862p. :
Accompanying material 25 cm
650 ## - SUBJECT ADDED ENTRY--TOPICAL TERM
Topical term or geographic name entry element Electronics
700 ## - ADDED ENTRY--PERSONAL NAME
Personal name A.B.Bhattacharya
942 ## - ADDED ENTRY ELEMENTS (KOHA)
Koha item type Book
Holdings
Withdrawn status Lost status Damaged status Not for loan Collection code Permanent Location Current Location Shelving location Date acquired Source of acquisition Cost, normal purchase price Total Checkouts Full call number Barcode Date last seen Price effective from Koha item type
          Central Library (CL) Central Library (CL) General Stacks 05/08/2013 Allied Book Company 577.20   621.381 BHA SEECS012336 05/22/2013 05/22/2013 Book
© 2023 Central Library, National University of Sciences and Technology. All Rights Reserved.